000 00419nam a2200181Ia 4500
008 090630s9999 xx 000 0 und d
082 _b24740
100 _a---
245 _aHow to Read Handwriting.
_c---
260 _bOctopus Books Ltd.
300 _a0
600 _a---
630 _aHow to Read Handwriting.
655 _aEnglish.
700 _a---
730 _aHow to Read Handwriting.
942 _cBOOK
999 _c276596
_d276596